| 000 | 00572nam a2200169 a 4500 | ||
|---|---|---|---|
| 001 | 000016006 | ||
| 005 | 20200929164232.0 | ||
| 008 | 100223s1991 dr 001 0 spa d | ||
| 040 |
_aDO-SdBNP _bspa _cBNPHU |
||
| 082 |
_axxxx _bC794b |
||
| 100 | 1 |
_aCordero Frías, Hector Arquimides _935952 |
|
| 245 | 1 | 0 |
_aBreviario jurisprudencial de los referimientos / _cHector Arquimides Cordero Frías. |
| 260 |
_aSanto Domingo : _bEl Estudiante, _c1991. |
||
| 300 |
_a76 p. ; _c20 cm. |
||
| 500 | 1 | _aIncluye referencias bibliográficas y notas al pie de las páginas | |
| 049 | _aBNPD | ||
| 999 |
_c15548 _d15548 |
||